Landen van de wereld op een kaart bij hun volledige naam - Statistieken

Algemene statistieken
  • Deze quiz is 16 keer genomen
  • De gemiddelde score is 38 van 196
Antwoorden op de kaart
Antwoorden kleurgecodeerd door een groen-rode schaal op de quizkaart volgens % correct hieronder.
 
Antwoordstatistieken
Antwoord % Correct
Canada
79%
Verenigde Staten van Amerika
71%
Koninkrijk der Nederlanden
57%
Ierland
50%
Koninkrijk België
50%
Barbados
43%
Dominicaanse Republiek
43%
Democratische Republiek Congo
36%
IJsland
36%
Jamaica
36%
Japan
36%
Koninkrijk Noorwegen
36%
Republiek Congo
36%
Saint Kitts en Nevis
36%
Saint Lucia
36%
Saint Vincent en de Grenadines
36%
Antigua en Barbuda
29%
Belize
29%
Bondsrepubliek Duitsland
29%
Centraal-Afrikaanse Republiek
29%
Grenada
29%
Koninkrijk Denemarken
29%
Koninkrijk Spanje
29%
Koninkrijk Zweden
29%
Republiek Chili
29%
Republiek Colombia
29%
Republiek Costa Rica
29%
Republiek Ecuador
29%
Republiek Estland
29%
Republiek Haïti
29%
Republiek Litouwen
29%
Republiek Panama
29%
Republiek Paraguay
29%
Republiek Peru
29%
Republiek Polen
29%
Republiek Trinidad en Tobago
29%
Verenigde Arabische Emiraten
29%
Groothertogdom Luxemburg
21%
Koninkrijk Cambodja
21%
Koninkrijk Thailand
21%
Nieuw-Zeeland
21%
Oekraïne
21%
Republiek Albanië
21%
Republiek Angola
21%
Republiek Benin
21%
Republiek Botswana
21%
Republiek Bulgarije
21%
Republiek Burundi
21%
Republiek Cuba
21%
Republiek El Salvador
21%
Republiek Finland
21%
Republiek Gabon
21%
Republiek Gambia
21%
Republiek Ghana
21%
Republiek Guatemala
21%
Republiek Guinee
21%
Republiek Guinee-Bissau
21%
Republiek Honduras
21%
Republiek Hongarije
21%
Republiek India
21%
Republiek Irak
21%
Republiek Ivoorkust
21%
Republiek Jemen
21%
Republiek Kaapverdië
21%
Republiek Kameroen
21%
Republiek Kenia
21%
Republiek Kosovo
21%
Republiek Kroatië
21%
Republiek Libanon
21%
Republiek Liberia
21%
Republiek Madagaskar
21%
Republiek Malawi
21%
Republiek Mali
21%
Republiek Malta
21%
Republiek Moldavië
21%
Republiek Mozambique
21%
Republiek Namibië
21%
Republiek Nauru
21%
Republiek Nicaragua
21%
Republiek Niger
21%
Republiek Noord-Macedonië
21%
Republiek Oostenrijk
21%
Republiek Palau
21%
Republiek Rwanda
21%
Republiek San Marino
21%
Republiek Senegal
21%
Republiek Servië
21%
Republiek Seychellen
21%
Republiek Sierra Leone
21%
Republiek Slovenië
21%
Republiek Soedan
21%
Republiek Suriname
21%
Republiek Togo
21%
Republiek Tunesië
21%
Republiek Turkije
21%
Republiek Zambia
21%
Republiek Zimbabwe
21%
Republiek Zuid-Afrika
21%
Republiek Zuid-Korea
21%
Republiek Zuid-Soedan
21%
Russische Federatie
21%
Salomonseilanden
21%
Tuvalu
21%
Verenigde Mexicaanse Staten
21%
Volksrepubliek China
21%
Argentijnse Republiek
14%
Bosnië en Herzegovina
14%
Burkina Faso
14%
Democratische Volksrepubliek Korea
14%
Federale Republiek Brazilië
14%
Federale Republiek Nigeria
14%
Federale Staten van Micronesia
14%
Franse Republiek
14%
Georgië
14%
Helleense Republiek
14%
Koninkrijk Eswatini
14%
Koninkrijk Lesotho
14%
Koninkrijk Marokko
14%
Montenegro
14%
Republiek Armenië
14%
Republiek Belarus
14%
Republiek Cyprus
14%
Republiek der Malediven
14%
Republiek Djibouti
14%
Republiek Equatoriaal-Guinea
14%
Republiek Fiji
14%
Republiek Filipijnen
14%
Republiek Indonesië
14%
Republiek Kazachstan
14%
Republiek Kiribati
14%
Republiek Mauritius
14%
Republiek Oeganda
14%
Republiek Oezbekistan
14%
Republiek Singapore
14%
Republiek ten oosten van de Uruguay
14%
Republiek Tsjaad
14%
Republiek Vanuatu
14%
Roemenië
14%
Staat Eritrea
14%
Staat Israël
14%
Staat Koeweit
14%
Staat Libië
14%
Staat Qatar
14%
Staat Vaticaanstad
14%
Sultanaat Oman
14%
Syrië
14%
Tsjechische Republiek
14%
Turkmenistan
14%
Verenigd Koninkrijk van Groot-Britannië en Noord-Ierland
14%
Arabische Republiek Egypte
7%
Bolivariaanse Republiek Venezuela
7%
Coöperatieve Republiek Guyana
7%
Democratische Republiek Oost-Timor
7%
Democratische Republiek Sao Tomé en Principe
7%
Democratische Socialistische Republiek Sri Lanka
7%
Democratische Volksrepubliek Algerije
7%
Democratische Volksrepubliek Laos
7%
Federale Democratische Republiek Ethiopië
7%
Federale Democratische Republiek Nepal
7%
Federale Republiek Somalië
7%
Gemenebest Australië
7%
Gemenebest Dominica
7%
Gemenebest van de Bahama's
7%
Hasjemitische Koninkrijk Jordanië
7%
Islamitische Emiraat Afghanistan
7%
Islamitische Republiek Iran
7%
Islamitische Republiek Mauritanië
7%
Islamtische Republiek Pakistan
7%
Italiaanse Republiek
7%
Kirgizische Republiek
7%
Koninkrijk Bahrein
7%
Koninkrijk Bhutan
7%
Koninkrijk Saoedi-Arabië
7%
Koninkrijk Tonga
7%
Maleisë
7%
Mongolië
7%
Onafhankelijke Staat Papoea-Nieuw-Guinea
7%
Onafhankelijke Staat Samoa
7%
Portugese Republiek
7%
Prinsdom Andorra
7%
Purinationale Staat Bolivia
7%
Republiek Azerbeidzjan
7%
Republiek China
7%
Republiek der Marshalleilanden
7%
Republiek Tadzjikistan
7%
Republiek Unie van Myanmar
7%
Slowaakse Republiek
7%
Socialistische Republiek Vietnam
7%
Staat Brunei Darussalem
7%
Unie der Comoren
7%
Verenigde Republiek Tanzania
7%
Volksrepubliek Bangladesh
7%
Vorstendom Liechtenstein
7%
Vorstendom Monaco
7%
Zwitserse Bondsstaat
7%
Geen overeenkomende quizzen gevonden
Scoreverdeling
Procent van Mensen met Elke Score
Percentiel versus Aantal Correcte Antwoorden
Uw Scoregeschiedenis
U heeft deze quiz nog niet genomen